[Event "Tata Steel India Rapid"]
[Site "Kolkata IND"]
[Date "2018.11.10"]
[Round "6.1"]
[White "Vidit, Santosh Gujrathi"]
[Black "Karjakin, Sergey"]
[Result "1-0"]
[WhiteTitle "GM"]
[BlackTitle "GM"]
[WhiteElo "2702"]
[BlackElo "2753"]
[WhiteFideId "5029465"]
[BlackFideId "14109603"]
[EventDate "2018.11.09"]

1. d4 Nf6 2. Nf3 d5 3. c4 e6 4. g3 Bb4+ 5. Bd2 Be7 6. Bg2 O-O 7. O-O Nbd7 8. Qc2
c6 9. Rd1 b6 10. Bf4 Nh5 11. Bc1 Nhf6 12. b3 a5 13. Nbd2 Ba6 14. e4 Rc8 15. Bb2
c5 16. exd5 exd5 17. Qf5 g6 18. Qh3 Bb7 19. Ne5 cxd4 20. Nxd7 Nxd7 21. Bxd4 Bf6
22. Nf1 Nc5 23. Ne3 Bxd4 24. Rxd4 Qf6 25. Rad1 Ne6 26. Nxd5 Bxd5 27. Rxd5 a4 28.
Qh6 axb3 29. axb3 Qb2 30. Rb5 Rcd8 31. Bd5 Qe2 32. Qc1 Rd6 33. Kg2 Nc7 34. Re1
Qg4 35. Bf3 Qd7 36. Rbe5 Rd3 37. R1e3 Rxe3 38. Qxe3 Qd6 39. h4 Rd8 40. h5 Kf8
41. h6 Re8 42. Rxe8+ Nxe8 43. Qc3 Ke7 44. b4 Qf6 45. Qe3+ Qe6 46. Qd4 Qd6 47.
Qc3 Qf6 48. Qe3+ Qe6 49. Qc1 Qe5 50. c5 bxc5 51. bxc5 Nc7 52. c6 Kf6 53. Qd2 Ne6
54. Qd7 Qc7 55. Qe8 Ke5 56. Qh8+ f6 57. Qe8 f5 58. Qh8+ Kd6 59. Qc3 Qa7 60. Qb4+
Nc5 61. Qd4+ Kc7 62. Qg7+ Kb6 63. Qxa7+ Kxa7 64. c7 1-0

[Event "Tata Steel India Rapid"]
[Site "Kolkata IND"]
[Date "2018.11.10"]
[Round "6.2"]
[White "Harikrishna, Pentala"]
[Black "So, Wesley"]
[Result "1/2-1/2"]
[WhiteTitle "GM"]
[BlackTitle "GM"]
[WhiteElo "2729"]
[BlackElo "2765"]
[WhiteFideId "5007003"]
[BlackFideId "5202213"]
[EventDate "2018.11.09"]

1. e4 e5 2. Nf3 Nc6 3. Bb5 Nf6 4. O-O Nxe4 5. Re1 Nd6 6. Nxe5 Be7 7. Bf1 Nxe5 8.
Rxe5 O-O 9. d4 Ne8 10. c4 Bf6 11. Re1 d5 12. cxd5 Qxd5 13. Be3 Bf5 14. Nc3 Qd7
15. Qf3 Nd6 16. Bf4 Bg4 17. Qg3 Bxd4 18. Nd5 Nf5 19. Qxg4 Qxd5 20. Rac1 Rfe8 21.
Red1 c5 22. Bc4 Qd7 23. b4 Rac8 24. h3 g6 25. bxc5 Rxc5 26. Bb3 Qc6 27. Rxc5
Bxc5 28. Bd5 Qb6 29. Qf3 Nd4 30. Qg4 Ne2+ 31. Kh1 Nxf4 32. Qxf4 Re7 33. Bb3 Kg7
34. Kg1 Qf6 35. Qxf6+ Kxf6 36. Kf1 b5 37. Rd8 Rc7 38. Ke2 Ke7 39. Rh8 Kf6 40.
Rxh7 1/2-1/2

[Event "Tata Steel India Rapid"]
[Site "Kolkata IND"]
[Date "2018.11.10"]
[Round "6.4"]
[White "Ganguly, Surya Shekhar"]
[Black "Aronian, Levon"]
[Result "0-1"]
[WhiteTitle "GM"]
[BlackTitle "GM"]
[WhiteElo "2615"]
[BlackElo "2765"]
[WhiteFideId "5002150"]
[BlackFideId "13300474"]
[EventDate "2018.11.09"]

1. e4 e5 2. Nf3 Nc6 3. Bc4 Bc5 4. c3 Nf6 5. d3 a6 6. O-O d6 7. Nbd2 Ba7 8. Bb3
O-O 9. Nc4 Kh8 10. a4 h6 11. a5 Nh7 12. Ne3 Bxe3 13. fxe3 Ng5 14. Nxg5 Qxg5 15.
Bxf7 Bg4 16. Qe1 Nd8 17. Bc4 Rxf1+ 18. Qxf1 Ne6 19. Bd2 Rf8 20. Qe1 Qh5 21. Qg3
Ng5 22. Rf1 Rxf1+ 23. Kxf1 Be6 24. Bxe6 Nxe6 25. b4 c5 26. h3 Qd1+ 27. Qe1 Qc2
28. Qe2 c4 29. dxc4 Ng5 30. Be1 Qb1 31. Kg1 Nxe4 32. Kh2 Kh7 33. b5 Nc5 34. Bh4
g5 35. Bg3 Qe4 36. Qd2 Qd3 37. Qf2 Kg7 38. h4 g4 39. h5 Qxc4 40. bxa6 bxa6 41.
Bh4 Qf7 42. Qxf7+ Kxf7 43. Kg3 Nb7 44. Kxg4 Nxa5 45. Kf5 Nc4 46. Ke4 a5 47. Kd3
d5 48. Kc2 Nxe3+ 0-1

[Event "Tata Steel India Rapid"]
[Site "Kolkata IND"]
[Date "2018.11.10"]
[Round "6.5"]
[White "Mamedyarov, Shakhriyar"]
[Black "Anand, Viswanathan"]
[Result "1/2-1/2"]
[WhiteTitle "GM"]
[BlackTitle "GM"]
[WhiteElo "2817"]
[BlackElo "2773"]
[WhiteFideId "13401319"]
[BlackFideId "5000017"]
[EventDate "2018.11.09"]

1. d4 Nf6 2. c4 e6 3. Nf3 d5 4. Bg5 dxc4 5. Nc3 a6 6. a4 Nc6 7. e4 Na5 8. Qc2
Be7 9. Rd1 h6 10. Bxf6 Bxf6 11. e5 Be7 12. d5 O-O 13. dxe6 Qe8 14. exf7+ Qxf7
15. Nd5 b5 16. Be2 Be6 17. Nxe7+ Qxe7 18. O-O Nb3 19. Qc3 Rad8 20. Nd4 Nxd4 21.
Rxd4 Rxd4 22. Qxd4 Rd8 23. Qa7 Rd2 24. Bf3 Rxb2 25. Qxa6 bxa4 26. Qxa4 c3 27.
Qa8+ Kh7 28. Qc6 Rb3 29. Be4+ g6 30. Bc2 Ra3 31. h4 h5 32. Rd1 Ra5 33. Qxc3 Qc5
34. Qd3 Bf5 35. Qb3 Qxe5 36. Bxf5 Qxf5 37. Qb8 Rd5 38. Qxc7+ Kh6 39. Re1 Rd7 40.
Qc8 Kh7 41. f3 Rf7 42. Qd8 Qf6 43. Qxf6 Rxf6 44. Kf2 Ra6 45. Re4 Kg7 46. g4 hxg4
47. fxg4 Ra3 48. h5 gxh5 49. gxh5 1/2-1/2

[Event "Tata Steel India Rapid"]
[Site "Kolkata IND"]
[Date "2018.11.11"]
[Round "7.1"]
[White "Aronian, Levon"]
[Black "Vidit, Santosh Gujrathi"]
[Result "1/2-1/2"]
[WhiteTitle "GM"]
[BlackTitle "GM"]
[WhiteElo "2765"]
[BlackElo "2702"]
[WhiteFideId "13300474"]
[BlackFideId "5029465"]
[EventDate "2018.11.09"]

1. c4 c5 2. Nf3 Nc6 3. Nc3 Nf6 4. e3 e6 5. d4 d5 6. cxd5 Nxd5 7. Bd3 Be7 8. a3
cxd4 9. exd4 O-O 10. O-O Bf6 11. Qc2 h6 12. Rd1 Qb6 13. Be3 Rd8 14. Rac1 Bd7 15.
Nxd5 exd5 16. h3 Rac8 17. Qb1 Ne7 18. Ne5 Rxc1 19. Bh7+ Kf8 20. Rxc1 Be6 21. Bd3
Bg5 22. Bxg5 hxg5 23. Rc5 Rc8 24. b4 Qd8 25. Qc1 f6 26. Ng6+ Nxg6 27. Bxg6 b6
28. Rxc8 Qxc8 29. Qxc8+ Bxc8 1/2-1/2

[Event "Tata Steel India Rapid"]
[Site "Kolkata IND"]
[Date "2018.11.11"]
[Round "7.2"]
[White "Nihal, Sarin"]
[Black "Ganguly, Surya Shekhar"]
[Result "1/2-1/2"]
[WhiteTitle "IM"]
[BlackTitle "GM"]
[WhiteElo "2576"]
[BlackElo "2615"]
[WhiteFideId "25092340"]
[BlackFideId "5002150"]
[EventDate "2018.11.09"]

1. b3 Nf6 2. Bb2 e6 3. Nf3 d5 4. e3 b6 5. c4 Bb7 6. Nc3 Nbd7 7. cxd5 exd5 8. d4
Bd6 9. g3 O-O 10. Bg2 Ba6 11. Bf1 Bb7 12. Bg2 Ba6 13. Bf1 Bxf1 14. Kxf1 c6 15.
Kg2 Qe7 16. Rc1 Rac8 17. Re1 Rfe8 18. Ne2 Ne4 19. Nf4 Ndf6 20. Nd3 c5 21. dxc5
bxc5 22. Kg1 c4 23. Bxf6 Qxf6 24. Nf4 cxb3 25. Rxc8 Rxc8 26. Qxb3 Bxf4 27. exf4
Qb6 28. Qxb6 axb6 29. Re2 h6 30. Rb2 Ra8 31. Nd4 Ra4 32. Nf5 d4 33. f3 Nc3 34.
Rxb6 d3 35. Rd6 Ne2+ 36. Kf1 Nc1 37. Ke1 Ra3 38. Kd2 Nxa2 39. Rd8+ Kh7 40. Rxd3
Ra7 41. Rd4 Rb7 42. Nd6 Rb2+ 43. Kd3 Nc1+ 44. Kc4 Rxh2 45. g4 Rf2 46. Nxf7 Ne2
47. Re4 Rxf3 48. f5 Rf4 49. Rxf4 Nxf4 50. Kd4 Ne2+ 51. Kd3 Nf4+ 52. Ke4 Ne2 53.
Ne5 Nc3+ 54. Kd4 Nb5+ 55. Kc5 Nc3 56. Kd4 Nb5+ 57. Kc4 Nd6+ 58. Kd5 Ne8 59. Nd7
Kg8 60. Ke6 Nc7+ 61. Kd6 Nb5+ 62. Ke7 Nc3 63. Nb6 Ne4 64. Nd5 Nf2 65. Ne3 Ne4
66. Nd5 Nf2 67. Ne3 1/2-1/2

[Event "Tata Steel India Rapid"]
[Site "Kolkata IND"]
[Date "2018.11.11"]
[Round "7.3"]
[White "Karjakin, Sergey"]
[Black "Harikrishna, Pentala"]
[Result "1-0"]
[WhiteTitle "GM"]
[BlackTitle "GM"]
[WhiteElo "2753"]
[BlackElo "2729"]
[WhiteFideId "14109603"]
[BlackFideId "5007003"]
[EventDate "2018.11.09"]

1. e4 e5 2. Nf3 Nc6 3. Bb5 Nf6 4. d3 Bc5 5. O-O Nd4 6. Nxd4 Bxd4 7. c3 Bb6 8.
Ba4 O-O 9. Bg5 h6 10. Bh4 d6 11. Nd2 g5 12. Bg3 Bg4 13. Qe1 Nh5 14. Bd1 Qd7 15.
Nc4 f5 16. Nxb6 axb6 17. f3 Nxg3 18. hxg3 Bh5 19. exf5 Bf7 20. g4 Kg7 21. Qd2
Qe7 22. Bb3 d5 23. Rae1 Qf6 24. Re3 c5 25. Qe2 b5 26. a3 c4 27. Bc2 d4 28. Rxe5
dxc3 29. bxc3 Rxa3 30. Rxb5 Rxc3 31. d4 Qxd4+ 32. Qf2 Rd8 33. Be4 Rb3 34. Qxd4+
Rxd4 35. Rxb7 Rxb7 36. Bxb7 Kf6 37. Be4 h5 38. gxh5 Bxh5 39. Ra1 g4 40. Kf2 gxf3
41. gxf3 Rd6 42. Ke3 Bf7 43. Kf4 Rb6 44. Rh1 Rd6 45. Kg4 Rd2 46. Kf4 Rd6 47. Rh8
Rd1 48. Rh6+ Kg7 49. Rc6 Rd8 50. Kg5 Re8 51. Rc5 Rd8 52. Rc7 Re8 53. Bd5 1-0

[Event "Tata Steel India Rapid"]
[Site "Kolkata IND"]
[Date "2018.11.11"]
[Round "7.5"]
[White "So, Wesley"]
[Black "Mamedyarov, Shakhriyar"]
[Result "1/2-1/2"]
[WhiteTitle "GM"]
[BlackTitle "GM"]
[WhiteElo "2765"]
[BlackElo "2817"]
[WhiteFideId "5202213"]
[BlackFideId "13401319"]
[EventDate "2018.11.09"]

1. c4 e5 2. Nc3 Nc6 3. Nf3 g6 4. d4 exd4 5. Nxd4 Bg7 6. Nxc6 bxc6 7. g3 Ne7 8.
Bg2 O-O 9. O-O d6 10. Bg5 Be6 11. Qd3 Rb8 12. b3 c5 13. Rad1 h6 14. Bc1 Re8 15.
Qd2 Kh7 16. Bb2 Ng8 17. Rfe1 Nf6 18. h3 h5 19. e4 Qe7 20. f4 Rbd8 21. Nb5 c6 22.
Nc3 Qc7 23. Qf2 Qc8 24. e5 dxe5 25. Rxd8 Qxd8 26. fxe5 Nd7 27. Ne4 Nxe5 28. Nxc5
Bxh3 29. Bxe5 Bxe5 30. Qxf7+ Kh6 31. Rxe5 Rxe5 32. Qf4+ Qg5 33. Qf8+ Kh7 1/2-1/2

[Event "Tata Steel India Rapid"]
[Site "Kolkata IND"]
[Date "2018.11.11"]
[Round "8.1"]
[White "Harikrishna, Pentala"]
[Black "Aronian, Levon"]
[Result "1-0"]
[WhiteTitle "GM"]
[BlackTitle "GM"]
[WhiteElo "2729"]
[BlackElo "2765"]
[WhiteFideId "5007003"]
[BlackFideId "13300474"]
[EventDate "2018.11.09"]

1. e4 e5 2. Nf3 Nc6 3. Bb5 Nf6 4. O-O Nxe4 5. Re1 Nd6 6. Nxe5 Be7 7. Bf1 Nxe5 8.
Rxe5 O-O 9. d4 Ne8 10. c4 Bf6 11. Re1 d5 12. cxd5 Qxd5 13. Be3 Be6 14. Nc3 Qd7
15. d5 Bf5 16. h3 Nd6 17. Bd4 Bxd4 18. Qxd4 a6 19. a4 Rfe8 20. a5 Rxe1 21. Rxe1
Re8 22. Re3 Rxe3 23. Qxe3 Qd8 24. b4 h6 25. Qe5 Qg5 26. b5 axb5 27. Nxb5 Bd7 28.
Qxg5 hxg5 29. Nxc7 Kf8 30. f3 Ke7 31. Kf2 Kf6 32. Na8 Ba4 33. Nb6 Bb3 34. g4 Ke5
35. Ke3 f5 36. gxf5 Nxf5+ 37. Kf2 Kd4 38. Be2 Bc2 39. Bb5 Nd6 40. Bd7 Bf5 41.
Be6 Bxe6 42. dxe6 Ke5 43. Nd7+ Kxe6 44. Nc5+ Kd5 45. Nxb7 Nc4 46. a6 Kc6 47.
Nd8+ Kb6 48. Ne6 g6 49. Nxg5 Kxa6 50. Nf7 Kb5 51. Nh8 Kc5 52. Nxg6 Kd5 53. h4
Ke6 54. Nf4+ Kf5 55. Ne2 Nd2 56. Ng3+ Kg6 57. Ke3 Nc4+ 58. Kf4 Kh6 59. Kf5 Ne3+
60. Ke4 Ng2 61. f4 Kh7 62. h5 Kg7 63. Ke5 Ne1 64. f5 Nf3+ 65. Ke4 Ng5+ 66. Kf4
Nf7 67. Ke4 Kf6 68. Kf4 Kg7 69. Kf3 Ne5+ 70. Ke4 Kf6 71. Ne2 Nf7 72. Kf4 Ne5 73.
Nc1 Nc6 74. Nb3 Ne7 75. Nd4 Nd5+ 76. Kg4 Ne3+ 77. Kf4 Nd5+ 78. Ke4 Nc3+ 79. Kd3
Nd5 80. h6 Kf7 81. Ke4 Nf6+ 82. Kf4 Kg8 83. Kg5 Kf7 84. Ne6 Nh7+ 85. Kg4 Nf6+
86. Kf4 Kg8 87. Kg5 Nd7 88. f6 Ne5 89. Kf5 Nf7 90. Ng5 Nh8 91. Ke6 Ng6 92. f7+
Kh8 93. Kf6 Nf8 94. Ne6 Ng6 95. f8=Q+ 1-0

[Event "Tata Steel India Rapid"]
[Site "Kolkata IND"]
[Date "2018.11.11"]
[Round "8.2"]
[White "Mamedyarov, Shakhriyar"]
[Black "Karjakin, Sergey"]
[Result "1-0"]
[WhiteTitle "GM"]
[BlackTitle "GM"]
[WhiteElo "2817"]
[BlackElo "2753"]
[WhiteFideId "13401319"]
[BlackFideId "14109603"]
[EventDate "2018.11.09"]

1. d4 Nf6 2. c4 e6 3. Nc3 Bb4 4. f3 d5 5. a3 Bxc3+ 6. bxc3 c6 7. Bg5 O-O 8. e3
Nbd7 9. cxd5 exd5 10. Bd3 Re8 11. Qd2 h6 12. Bh4 Qa5 13. Ne2 b6 14. g4 Ba6 15.
Rg1 c5 16. Bxa6 Qxa6 17. Kf2 g5 18. Bg3 Re6 19. Kg2 Nf8 20. h4 Rae8 21. Bf2 Ng6
22. hxg5 hxg5 23. Rh1 Qc4 24. Ng3 Rc8 25. Nf5 cxd4 26. cxd4 Qc2 27. Qe1 a5 28.
Rc1 Qxc1 29. Qxc1 Rxc1 30. Rxc1 Ne7 31. Rc7 Kf8 32. a4 Ne8 33. Rb7 Nxf5 34. gxf5
Rc6 35. e4 dxe4 36. fxe4 Nd6 37. Rb8+ Ke7 38. f6+ Kd7 39. e5 Ne4 40. Kf3 Nc3 41.
Kg4 Nd5 42. Rf8 Ke6 43. Rd8 Nf4 44. Be3 Nd5 45. Bxg5 Nc7 46. Be3 Nd5 47. Bd2 Nc7
48. Kf4 1-0

[Event "Tata Steel India Rapid"]
[Site "Kolkata IND"]
[Date "2018.11.11"]
[Round "8.3"]
[White "Ganguly, Surya Shekhar"]
[Black "Vidit, Santosh Gujrathi"]
[Result "0-1"]
[WhiteTitle "GM"]
[BlackTitle "GM"]
[WhiteElo "2615"]
[BlackElo "2702"]
[WhiteFideId "5002150"]
[BlackFideId "5029465"]
[EventDate "2018.11.09"]

1. Nf3 Nf6 2. c4 c5 3. Nc3 Nc6 4. d4 cxd4 5. Nxd4 e6 6. g3 Qb6 7. Nf3 Bc5 8. e3
d5 9. a3 Be7 10. b4 dxc4 11. Bxc4 Qc7 12. Nb5 Qb8 13. Bb2 O-O 14. O-O Rd8 15.
Qc2 Bd7 16. Rfd1 a6 17. Nbd4 Qc7 18. Rac1 Nxd4 19. Nxd4 Qb6 20. Bf1 Rac8 21. Qb1
a5 22. Rxc8 Bxc8 23. b5 h6 24. a4 Nd5 25. Bg2 Qc7 26. Nf5 exf5 27. Rxd5 Rxd5 28.
Bxd5 Be6 29. Bf3 b6 30. Bd4 Bf6 31. Bxf6 gxf6 32. Qb2 Qe5 33. Qc1 Kg7 34. Kg2
Bb3 35. Qa3 Qe6 36. Qa1 Qc4 37. Bd1 Qd5+ 38. Bf3 Qd3 39. h4 Qc4 40. Bd1 Qd5+ 41.
Bf3 Qe5 42. Qa3 Qe6 43. Qa1 Qd6 44. Qb1 Bxa4 45. Qxf5 Qe6 46. Qd3 Bb3 47. Bc6 a4
48. e4 a3 49. Bd5 Bxd5 50. exd5 Qd6 51. Qd2 Qd7 52. d6 Qxb5 53. d7 a2 54. d8=Q
a1=Q 55. Q8d3 Qc6+ 56. Qd5 Qaa8 57. Qxc6 Qxc6+ 58. Kh2 b5 59. g4 Qc4 60. Kg3 b4
61. f3 Qc3 62. Qd8 Qe5+ 63. Kf2 b3 64. Qb6 Qh2+ 0-1

[Event "Tata Steel India Rapid"]
[Site "Kolkata IND"]
[Date "2018.11.11"]
[Round "8.5"]
[White "Nihal, Sarin"]
[Black "Anand, Viswanathan"]
[Result "1/2-1/2"]
[WhiteTitle "IM"]
[BlackTitle "GM"]
[WhiteElo "2576"]
[BlackElo "2773"]
[WhiteFideId "25092340"]
[BlackFideId "5000017"]
[EventDate "2018.11.09"]

1. d4 Nf6 2. c4 e6 3. Nf3 d5 4. g3 dxc4 5. Bg2 c5 6. O-O Nc6 7. dxc5 Qxd1 8.
Rxd1 Bxc5 9. Nbd2 c3 10. bxc3 O-O 11. Nb3 Be7 12. c4 Bd7 13. Bb2 Rfd8 14. Nfd4
Rac8 15. Nb5 b6 16. Nd6 Bxd6 17. Rxd6 Be8 18. Rd3 Nb4 19. Rxd8 Rxd8 20. Bc3 Na6
21. a4 Nd7 22. a5 Ndc5 23. Nxc5 Nxc5 24. axb6 axb6 25. e3 Rc8 26. Bf1 Bc6 27.
Rb1 Nd7 28. f4 h6 29. Bd4 Be4 30. Rb4 Rb8 31. Bg2 Bxg2 32. Kxg2 f6 33. e4 e5 34.
Be3 Kf7 35. h4 Rc8 36. h5 exf4 37. gxf4 f5 38. exf5 Kf6 39. Kf3 Kxf5 40. Bxb6
Nf6 41. Rb5+ Ke6 42. Re5+ Kd6 43. c5+ Kc6 44. Re7 Nxh5 45. Kg4 Nf6+ 46. Kf5 Rf8
47. Rc7+ Kd5 48. Kg6 Ne4 49. Kxg7 Rxf4 50. Kxh6 Rf6+ 51. Kg7 Rc6 1/2-1/2

[Event "Tata Steel India Rapid"]
[Site "Kolkata IND"]
[Date "2018.11.11"]
[Round "9.1"]
[White "So, Wesley"]
[Black "Nihal, Sarin"]
[Result "1-0"]
[WhiteTitle "GM"]
[BlackTitle "IM"]
[WhiteElo "2765"]
[BlackElo "2576"]
[WhiteFideId "5202213"]
[BlackFideId "25092340"]
[EventDate "2018.11.09"]

1. c4 c5 2. Nf3 Nc6 3. d4 cxd4 4. Nxd4 Nf6 5. Nc3 e6 6. g3 Qb6 7. Nf3 d5 8. Bg2
d4 9. Na4 Qa5+ 10. Bd2 Qd8 11. O-O e5 12. b4 e4 13. Ng5 Bf5 14. Qb1 d3 15. exd3
exd3 16. Re1+ Be7 17. Nc5 O-O 18. Nxb7 Qd7 19. Bxc6 Qxc6 20. Rxe7 h6 21. b5 Qxc4
22. Re5 Bg6 23. Nf3 Ng4 24. Na5 Nxe5 25. Nxc4 Nxf3+ 26. Kg2 Be4 27. Kh3 Rfd8 28.
Qb4 Rac8 29. Be3 Bd5 30. Nd2 Nxd2 31. Qxd2 Rc2 32. Qa5 Rd7 33. g4 Be6 34. Kg3
Rc4 35. h3 Rc2 36. a4 1-0

[Event "Tata Steel India Rapid"]
[Site "Kolkata IND"]
[Date "2018.11.11"]
[Round "9.3"]
[White "Vidit, Santosh Gujrathi"]
[Black "Harikrishna, Pentala"]
[Result "0-1"]
[WhiteTitle "GM"]
[BlackTitle "GM"]
[WhiteElo "2702"]
[BlackElo "2729"]
[WhiteFideId "5029465"]
[BlackFideId "5007003"]
[EventDate "2018.11.09"]

1. d4 Nf6 2. c4 e6 3. Nf3 d5 4. g3 Be7 5. Bg2 O-O 6. O-O dxc4 7. Qc2 a6 8. a4
Bd7 9. Qxc4 Bc6 10. Bg5 Nbd7 11. Nc3 h6 12. Bf4 Bd6 13. Ne5 Bxg2 14. Kxg2 Nh5
15. Rad1 Nxf4+ 16. gxf4 Qh4 17. Ne4 Nf6 18. Ng3 Qxf4 19. e3 Qh4 20. Nf3 Qg4 21.
h3 Qg6 22. Ne5 Bxe5 23. dxe5 Nh5 24. Rd7 Nxg3 25. fxg3 b5 26. axb5 axb5 27. Qc6
Ra4 28. Rf4 Qb1 29. Qxb5 Ra1 30. Rf1 Qe4+ 31. Kh2 c6 32. Qe2 Rxf1 33. Qxf1 Qxe3
34. Qf4 Qe2+ 35. Kg1 Qxb2 36. h4 c5 37. Rd2 Qb4 0-1

[Event "Tata Steel India Rapid"]
[Site "Kolkata IND"]
[Date "2018.11.11"]
[Round "9.4"]
[White "Anand, Viswanathan"]
[Black "Ganguly, Surya Shekhar"]
[Result "0-1"]
[WhiteTitle "GM"]
[BlackTitle "GM"]
[WhiteElo "2773"]
[BlackElo "2615"]
[WhiteFideId "5000017"]
[BlackFideId "5002150"]
[EventDate "2018.11.09"]

1. e4 c6 2. d4 d5 3. exd5 cxd5 4. Bd3 Nc6 5. c3 e6 6. Nf3 Bd6 7. O-O Nge7 8. Re1
O-O 9. Na3 f6 10. Nb5 Bb8 11. c4 Nb4 12. Bf1 dxc4 13. Bxc4 Nbd5 14. Nc3 Kh8 15.
Qb3 a6 16. a4 b6 17. Bd2 Ra7 18. a5 b5 19. Bxd5 exd5 20. h3 g5 21. Na2 Nc6 22.
Nb4 Nxb4 23. Bxb4 Rg8 24. Qa3 g4 25. hxg4 Bxg4 26. Nh2 Rag7 27. g3 Bh3 28. Re3
Bf4 29. Rf3 Qc7 30. Nf1 Bxf1 31. Kxf1 Bxg3 32. Qc3 Qd7 33. Ke2 Re8+ 34. Kd2 Bh4
35. Re1 Rxe1 36. Kxe1 Rg1+ 37. Ke2 Bg5 0-1

[Event "Tata Steel India Rapid"]
[Site "Kolkata IND"]
[Date "2018.11.11"]
[Round "9.5"]
[White "Aronian, Levon"]
[Black "Mamedyarov, Shakhriyar"]
[Result "1/2-1/2"]
[WhiteTitle "GM"]
[BlackTitle "GM"]
[WhiteElo "2765"]
[BlackElo "2817"]
[WhiteFideId "13300474"]
[BlackFideId "13401319"]
[EventDate "2018.11.09"]

1. d4 Nf6 2. c4 e6 3. Nf3 d5 4. Nc3 Bb4 5. Bg5 Nbd7 6. cxd5 exd5 7. Qc2 c5 8. g3
cxd4 9. Nxd4 Qb6 10. a3 Bxc3+ 11. bxc3 Ne4 12. Bf4 Ndf6 13. Rb1 Qc5 14. f3 Nd6
15. Qa4+ Bd7 16. Qb4 Qxb4 17. axb4 Ke7 18. e3 Rhc8 19. Bxd6+ Kxd6 20. Kd2 g6 21.
Bd3 Ne8 22. Rhe1 Nc7 23. e4 dxe4 24. Bxe4 Rab8 25. Ra1 a6 26. c4 Ne6 27. c5+ Kc7
28. Nxe6+ Bxe6 29. Kc3 Rd8 30. f4 Re8 31. Bd3 Rbd8 32. b5 axb5 33. Bxb5 Bd7 34.
Bc4 Be6 35. Bxe6 Rxe6 36. Rxe6 fxe6 37. Re1 Rd5 1/2-1/2